NCAA LOGOS QUIZ - Statistics

General Stats
  • This quiz has been taken 123 times
    108 since last reset
  • The average score is 109 of 140
Answer Stats
Picture Answer % Correct
Kentucky
96%
Georgia
94%
Purdue
94%
Oregon
90%
Alabama
89%
Colorado
88%
Miami
88%
Penn State
88%
Auburn
86%
Clemson
86%
Duke
86%
Iowa State
86%
Oklahoma
86%
Oregon State
86%
Stanford
86%
Texas
86%
Vanderbilt
86%
Virginia Tech
86%
Washington
86%
Boise State
85%
BYU
85%
Cincinnati
85%
Michigan
85%
Michigan State
85%
Notre Dame
85%
Syracuse
85%
Arizona
84%
Army
84%
Florida
84%
Illinois
84%
Iowa
84%
Kansas
84%
North Carolina
84%
Northwestern
84%
Oklahoma State
84%
Tennessee
84%
Washington State
84%
West Virginia
84%
Air Force
83%
App State
83%
Arizona State
83%
Harvard
83%
Hawai'i
83%
Princeton
83%
Rutgers
83%
Texas Tech
83%
Yale
83%
Boston College
81%
Colorado State
81%
Florida State
81%
Indiana
81%
Maryland
81%
Minnesota
81%
Navy
81%
Nebraska
81%
Temple
81%
UConn
81%
Utah State
81%
Wake Forest
81%
Wisconsin
81%
Georgia Tech
80%
Liberty
80%
Northern Illinois
80%
Villanova
80%
Wyoming
80%
Arkansas
79%
Baylor
79%
Bowling Green
79%
Houston
79%
Kansas State
79%
Louisville
79%
Mississippi State
79%
Missouri
79%
South Carolina
79%
Utah
79%
Virginia
79%
Akron
78%
Florida Atlantic
78%
Louisiana Tech
78%
Memphis
78%
North Dakota State
78%
Rice
78%
Wichita State
78%
Gonzaga
77%
James Madison
77%
Tulane
77%
Western Kentucky
77%
Xavier
77%
Kent State
75%
Marshall
75%
Miami (OH)
75%
Old Dominion
75%
San Diego State
75%
Troy
75%
Ball State
74%
Buffalo
74%
Coastal Carolina
74%
Eastern Michigan
74%
Fresno State
74%
Georgetown
74%
NC State
74%
New Mexico
74%
Sam Houston
74%
Charlotte
73%
Creighton
73%
East Carolina
73%
Kennesaw State
73%
Louisiana
73%
St. John's
73%
Central Michigan
72%
Jackson State
72%
San José State
72%
USF
72%
Florida International
70%
North Texas
70%
Providence
70%
Richmond
70%
South Dakota State
70%
UAB
70%
Jacksonville State
69%
Marquette
69%
Middle Tennessee
69%
Rhode Island
69%
Saint Mary's
69%
Arkansas State
68%
Dayton
68%
Idaho
67%
Butler
65%
Northern Iowa
65%
UL Monroe
65%
UTSA
65%
Texas State
64%
DePaul
63%
Loyola Chicago
63%
Seton Hall
63%
Georgia Southern
62%
South Alabama
62%
Georgia State
60%
Southern Miss
59%
Western Michigan
53%
No matching quizzes found
Score Distribution
Percent of People with Each Score
Percentile by Number Answered
Your Score History
You have not taken this quiz since the last reset